[Event "Guernsey op 46th"]
[Site "St James"]
[Date "2022.10.22"]
[Round "7"]
[White "Stanners, Michael J"]
[Black "Harnden, Terry"]
[Result "0-1"]
[WhiteElo "1751"]
[BlackElo "1488"]
[PlyCount "92"]
[EventDate "2022.10.16"]
[EventType "swiss"]
[EventRounds "7"]
[EventCountry "GCI"]
[SourceTitle "EXT 2024"]
[Source "ChessBase"]
[SourceDate "2023.10.10"]
[SourceVersion "1"]
[SourceVersionDate "2023.10.10"]
[SourceQuality "1"]

1. d4 Nf6 2. Nc3 e6 3. Bf4 Bb4 4. Qd3 Nd5 5. Bg3 Bxc3+ 6. bxc3 0-0 7. e4 Nf6 8. Bh4 Qe8 9. Nf3 h6 10. Bxf6 gxf6 11. Qe3 Kg7 12. Bd3 Rh8 13. e5 Qe7 14. exf6+ Qxf6 15. g4 Kf8 16. g5 hxg5 17. Nxg5 Qh6 18. h4 f6 19. Qf3 Ke7 20. Ne4 d5 21. Ng3 Bd7 22. Qe2 Kd8 23. Qf3 Nc6 24. Ke2 Ne7 25. h5 c6 26. Rag1 Kc7 27. Nf1 f5 28. Ne3 Raf8 29. Qh3 Kd8 30. Qh2 Kc8 31. Qd6 Re8 32. a4 Ng8 33. Rg6 Qf8 34. Qe5 Ne7 35. Rgg1 Qh6 36. Rb1 c5 37. Rxb7 Kxb7 38. Rb1+ Ka8 39. dxc5 Qxh5+ 40. Kd2 f4 41. Qc7 fxe3+ 42. fxe3 Qh2+ 43. Qxh2 Rxh2+ 44. Be2 Bxa4 45. Rb4 Bxc2 46. Rb2 Be4 0-1

[Event "Guernsey Holiday op"]
[Site "Guernsey"]
[Date "2009.10.24"]
[Round "7"]
[White "Carrick, Peter"]
[Black "Harnden, Terry"]
[Result "1/2-1/2"]
[WhiteElo "1522"]
[BlackElo "1442"]
[PlyCount "43"]
[EventDate "2009.10.18"]
[EventType "swiss"]
[EventRounds "7"]
[EventCountry "GCI"]
[SourceTitle "EXT 2015"]
[Source "ChessBase"]
[SourceDate "2014.11.20"]
[SourceVersion "1"]
[SourceVersionDate "2014.11.20"]
[SourceQuality "1"]

1. e4 c5 2. Nf3 d6 3. b3 Nf6 4. d3 g6 5. Bb2 Bg7 6. Nbd2 Nc6 7. Be2 0-0 8. 0-0 a6 9. Rb1 e5 10. Nc4 b5 11. Ne3 Ne7 12. c4 Nh5 13. Bc1 Nf4 14. Nd5 Nexd5 15. cxd5 Qf6 16. Be3 Bg4 17. Kh1 Bh6 18. Rg1 Nxe2 19. Qxe2 Bxe3 20. Qxe3 Qf4 21. Qxf4 exf4 22. Nd2 1/2-1/2

[Event "Guernsey Holiday op"]
[Site "Guernsey"]
[Date "2008.10.24"]
[Round "6"]
[White "Randall, David Charles"]
[Black "Harnden, Terry"]
[Result "1/2-1/2"]
[WhiteElo "1576"]
[BlackElo "1327"]
[PlyCount "71"]
[EventDate "2008.10.19"]
[EventType "swiss"]
[EventRounds "7"]
[EventCountry "GCI"]
[SourceTitle "EXT 2011"]
[Source "ChessBase"]
[SourceDate "2010.11.26"]
[SourceVersion "1"]
[SourceVersionDate "2010.11.26"]
[SourceQuality "1"]

1. e4 c5 2. Nf3 g6 3. d4 cxd4 4. Nxd4 Bg7 5. Be3 Nf6 6. Nc3 Nc6 7. f3 0-0 8. Bc4 e6 9. Bb3 Na5 10. Qd2 Nc6 11. 0-0-0 Ne5 12. h4 a6 13. h5 b5 14. hxg6 fxg6 15. Bh6 Bxh6 16. Qxh6 Nf7 17. Qh4 Nh5 18. Qxd8 Nxd8 19. Nde2 Kg7 20. Rd2 Nb7 21. Nd1 Nc5 22. Ne3 a5 23. c3 b4 24. Bc2 bxc3 25. Nxc3 Rb8 26. Nc4 Ra8 27. Na4 Nxa4 28. Bxa4 Ra7 29. Nb6 Rd8 30. Kb1 Nf6 31. e5 Nh5 32. Nxc8 Rxc8 33. Rhd1 Rd8 34. Bxd7 Nf4 35. g3 Nh5 36. Bc6 1/2-1/2

[Event "Guernsey Holiday op"]
[Site "Guernsey"]
[Date "2008.10.22"]
[Round "4"]
[White "Harnden, Terry"]
[Black "Van Rooijen, Gerardus C"]
[Result "1-0"]
[WhiteElo "1327"]
[BlackElo "1593"]
[PlyCount "84"]
[EventDate "2008.10.19"]
[EventType "swiss"]
[EventRounds "7"]
[EventCountry "GCI"]
[SourceTitle "EXT 2011"]
[Source "ChessBase"]
[SourceDate "2010.11.26"]
[SourceVersion "1"]
[SourceVersionDate "2010.11.26"]
[SourceQuality "1"]

1. e4 c5 2. Nf3 d6 3. d4 cxd4 4. Nxd4 e6 5. Nc3 Nc6 6. Be3 Nf6 7. f3 Be7 8. Qd2 0-0 9. 0-0-0 a6 10. h4 Qc7 11. h5 Rd8 12. g4 d5 13. Nxc6 bxc6 14. Qf2 c5 15. exd5 exd5 16. Nb1 d4 17. Bd2 Bb7 18. Rg1 Bd6 19. Bc4 Nd5 20. h6 g6 21. Bxd5 Bxd5 22. Rde1 Bf4 23. g5 Bxd2+ 24. Nxd2 Qf4 25. Qg3 Qxg3 26. Rxg3 Re8 27. Rxe8+ Rxe8 28. Kd1 Re3 29. a3 c4 30. Rg4 d3 31. Rd4 dxc2+ 32. Kxc2 Rd3 33. Rxd3 cxd3+ 34. Kxd3 Kf8 35. f4 Ke7 36. Ne4 Bxe4+ 37. Kxe4 Ke6 38. b4 Kd6 39. a4 Ke6 40. b5 axb5 41. axb5 Kd6 42. b6 Kc6 1-0

[Event "Guernsey Holiday op"]
[Site "Grand Harve Bay"]
[Date "2006.10.19"]
[Round "5"]
[White "Dokter, Marike"]
[Black "Harnden, Terry"]
[Result "1/2-1/2"]
[WhiteElo "1601"]
[BlackElo "1515"]
[PlyCount "69"]
[EventDate "2006.10.15"]
[EventType "swiss"]
[EventRounds "7"]
[EventCountry "GCI"]
[SourceTitle "EXT 2008"]
[Source "ChessBase"]
[SourceDate "2007.11.25"]
[SourceVersion "1"]
[SourceVersionDate "2007.11.25"]
[SourceQuality "1"]

1. e4 c5 2. Nc3 d6 3. f4 Nc6 4. Bc4 e6 5. Nf3 g6 6. 0-0 Bg7 7. f5 exf5 8. d3 Ne5 9. Nxe5 Bxe5 10. Qe1 f4 11. Bxf4 Bxf4 12. Rxf4 Be6 13. Nd5 Bxd5 14. Bxd5 f6 15. Bxb7 Rb8 16. Bc6+ Kf8 17. Qc3 Qe7 18. Raf1 Kg7 19. Bd5 Qe5 20. Qa5 Qe7 21. b3 Rf8 22. g4 g5 23. R4f3 Nh6 24. h3 Kg6 25. Qe1 Qe5 26. Qa5 Qe7 27. a3 Ng8 28. Rf5 Nh6 29. R5f3 Ng8 30. Qc3 Qe5 31. Qc4 Qd4+ 32. Qxd4 cxd4 33. b4 Ne7 34. Be6 Nc6 35. Bf5+ 1/2-1/2